000 03649njm a2200697 i 4500
001 196088
003 ES-MaACL
005 20250904042253.0
007 sd*fsngnnmmned
008 240209s2006 sp opn d / ger
015 _aSON06
017 _aM 48045-2006
_bOficina Depósito Legal Madrid
020 _a9788496832084
035 _a(OCoLC)431146425
035 _a(SpMaBN)a4555179
040 _aSpMaBN
_bspa
_cSpMaBN
_erdc
084 _a5
_2MU
100 1 _aStrauss, Richard,
_d1864-1949
_9240557
_ecmp
240 1 0 _aSalome
245 1 0 _aSalomé /
_cStrauss ; libreto de Richard Strauss
_h[Grabación sonora]
260 _aMadrid :
_bPrisa Innova,
_cD.L. 2006
264 _a©2007
300 _a2 discos (CD Audio) +
_e1 libro (76 páginas)
336 _2rdacontent
_amúsica (interpretada)
337 _2rdamedia
_aaudio
338 _2rdacarrier
_avolumen
490 1 _aLos clásicos de la ópera, 400 años ;
_v14
500 _aRemasterizado
511 1 _aChristel Goltz, Julius Patzak, Margareta Kenney, Hans Braun, Anton Dermota, Else Schürhoff, Rudolf Christ, Hugo Meyer-Welfung, Kurt Preger, Murray Dickie, Franz Bierbach, Ludwig Weber, Harald Pröglhöf, Walter Berry, Herbert Alzen, Ljubomir Pantscheff, Hermann Gallos ; Orquesta Filarmónica de Viena ; Clemens Krauss, director musical.
518 _aGrabado en Viena en marzo de 1954
520 _aSalome se estrenó en Dresde el 9 de diciembre de 1905, y fue, desde la primera representación, un éxito sin precedentes. Este "estudio de una obsesión", como lo definiera Michael Kennedy, posee, como la tragedia clásica, unidad de acción, de lugar y de tiempo: sus 105 minutos son exactamente lo que dura la historia. La opulencia de la masa orquestal convierte a Salome, según la aguda descripción de Gabriel Fauré, en un poema sinfónico con partes vocales añadidas. Los más de 100 instrumentos requeridos por Strauss consiguen fantásticos efectos de color tonal para reflejar, no solo cada acción de la escena, sino los pensamientos de cada personaje en el drama.
650 7 _aÓperas-
_9137584
_vLibretos
655 7 _aLibretos
_2
_9242219
700 1 _aStrauss, Richard,
_d1864-1949-
_tSalome-
_lEspañol-Alemán
_9238140
_ebsl
700 1 _aGoltz, Christel,
_d1912-2008
_9238141
_eprf
700 1 _aPatzak, Julius,
_d1898-1974
_9238142
_eprf
700 1 _aKenney, Margareta
_9238143
_eprf
700 1 _aBraun, Hans,
_d1917-
_9238144
_eprf
700 1 _aDermota, Anton,
_d1910-1989
_9238145
_eprf
700 1 _aSchürhoff, Else
_9238121
_eprf
700 1 _aChrist, Rudolf
_9238146
_eprf
700 1 _aMeyer-Welfung, Hugo
_eprf
_9240558
700 1 _aPreger, Kurt,
_9238346
_d1907-1960
_eprf
700 1 _aDickie, Murray
_eprf
_9240559
700 1 _aBierbach, Franz
_eprf
_9240560
700 1 _aWeber, Ludwig,
_9238155
_d1899-1979
_eprf
700 1 _aPröglhöf, Harald
_eprf
_9240561
700 1 _aBerry, Walter,
_9238338
_d1929-2000
_eprf
700 1 _aAlzen, Herbert
_eprf
_9240562
700 1 _aPantscheff, Ljubomir
_eprf
_9240563
700 1 _aGallos, Hermann
_eprf
_9240564
700 1 _aKrauss, Clemens,
_d1893-1954
_9238147
_emsd
710 2 _aWiener Philharmoniker
_9239273
852 _aES-MaACL
_bR.155027
_cDEPOJ
_jN-9809
_hDonación: Miren Fernández
_xEncuadernación cartoné
_pVolumen 14
_9205621
903 _aFernández, Miren
_ednr
942 _cMONOGRAFIA
_n0
999 _c196088
_d196088